Normal view
MARC view
- SUPERVISOR DR. KHURRAM KAMAL DR. WASEEM AHMED KAMAL(NESCOM) LEC TAYYAB ZAFAR
Entry Personal Name
001 - CONTROL NUMBER
- control field: 70953
003 - CONTROL NUMBER IDENTIFIER
- control field: NUST
005 - DATE AND TIME OF LATEST TRANSACTION
- control field: 20210628204554.0
008 - FIXED-LENGTH DATA ELEMENTS
- fixed length control field: 210628|| aca||aabn | a|a d
040 ## - CATALOGING SOURCE
- Original cataloging agency: NUST
- Transcribing agency: NUST
100 ## - HEADING--PERSONAL NAME
- Personal name: SUPERVISOR DR. KHURRAM KAMAL DR. WASEEM AHMED KAMAL(NESCOM) LEC TAYYAB ZAFAR
670 ## - SOURCE DATA FOUND
- Source citation: Work cat.: (NUST): GC SAEED AHMED NC SAAD SULTAN PC HAFIZ MUHAMMAD AZEEM 70952, PR-SOF-1574- Taxiing of a fixed wing UAV using vision based algorithm, 2017
